Statistics for Spanish Name Translation Quiz

Click here to take the quiz!

General Stats

  • This quiz has been taken 107,146 times
    (86,180 since last reset)
  • The average score is 15 of 22

Answer Stats

SpanishEnglish% Correct
JuanJohn
94%
JorgeGeorge
93%
MiguelMichael
92%
FelipePhilip
91%
EduardoEdward
89%
AlejandroAlexander
88%
MariaMary
81%
MateoMatthew
81%
MarcosMark
80%
PedroPeter
76%
JoséJoseph
67%
EstebanStephen
62%
CarlosCharles
61%
PabloPaul
59%
ElenaHelen
52%
EnriqueHenry
51%
RamónRaymond
48%
GuillermoWilliam
42%
IsabelElizabeth
40%
JulioJulius
37%
JavierXavier
37%
DiegoJames
36%

Score Distribution

Percentile by Number Answered

Percent of People with Each Score

Your Score History

You have not taken this quiz since the last reset